Hide Your 'L' Movies Quiz Stats

 Plays Quiz not verified by Sporcle

Score 0/21 Timer 06:00
0 Plays Today
% Correct
The Lord
of the Rings:
The Fellowship
of the Ring
(2001)<
95.5%
The Last Samurai
(2003)<
95.3%
The Last King
of Scotland
(2006)<
95%
Lake Placid
(1999)<
94.9%
Love Actually
(2003)<
94.2%
La La Land
(2016)<
94%
Lincoln
(2012)<
93.6%
The Life Aquatic
with Steve Zissou
(2004)<
93%
The Lone Ranger
(2013)<
92.8%
Lethal Weapon
(1987)<
92.5%
Life of Brian
(1979)<
91.4%
% Correct
Lost in Translation
(2003)<
88.5%
Law Abiding Citizen
(2009)<
88%
Limitless
(2011)<
85.4%
The Longest Day
(1962)<
82%
Leaving Las Vegas
(1995)<
78.2%
Live Free
or Die Hard
(2007)<
77.7%
Lock, Stock
and Two Smoking
Barrels
(1998)<
64.9%
Lara Croft:
Tomb Raider
(2001)<
62.2%
The League
of Extraordinary
Gentlemen
(2003)<
61.3%
Lucky Number Slevin
(2006)<
57.8%

You're not logged in!

Compare scores with friends on all Sporcle quizzes.
OR
Log In

Show Comments

Extras

Top Quizzes Today


Score Distribution

Your Account Isn't Verified!

In order to create a playlist on Sporcle, you need to verify the email address you used during registration. Go to your Sporcle Settings to finish the process.

Report this User

Report this user for behavior that violates our Community Guidelines.

Details: